| 000 | 00472nam a22001697a 4500 | ||
|---|---|---|---|
| 999 |
_c163264 _d163264 |
||
| 005 | 20190408121156.0 | ||
| 010 | _aB-109842 | ||
| 020 |
_a8187224576 _c110.00 |
||
| 035 | _aB-109842 | ||
| 037 | _bKrishna Prakashan Media | ||
| 082 | _a658.1511 | ||
| 100 | _aGoel, Rakesh Kumar | ||
| 245 |
_aManagement accounting / _cRakesh Kumar Goel |
||
| 260 |
_aMeerut _bKrishna Prakashan Media _c2005 |
||
| 300 |
_a308p. _c24cm |
||
| 942 |
_2ddc _cEN _h658.1511 _mGOE |
||